00469nam a2200157Ia 450000500170000000800410001708200130005810000180007124500300008926000380011930000130015765000210017094200060019195200990019799900150029620250320231023.0240331s9999 xx 000 0 und d bPRAa894 aPramasivam, P 0aTamil oru pakka kathaikal aSivagangaibAnnam (Pvt) Ltdc1998 a207 p ., aResearch Essayes cL 001040708LaWERCLbWERCLcSSCd2024-03-31l0o 894.811 PRAp2941r2024-03-31w2024-03-31yL c4159d4159